[Event "Calcutta"]
[Site "Calcutta"]
[Date "1988.??.??"]
[Round "?"]
[White "Mitra, Swapan"]
[Black "Kaidanov, Grigory S"]
[Result "0-1"]
[WhiteElo "2280"]
[BlackElo "2515"]

1.d4 Nf6 2.Nf3 d5 3.g3 c5 4.c3 Nc6 5.Bg2 e6 6.O-O Bd6 7.Bf4 O-O 8.Ne5 Bxe5
9.Bxe5 Nxe5 10.dxe5 Ng4 11.e4 Nxe5 12.exd5 exd5 13.Qxd5 Qxd5 14.Bxd5 Rd8
15.Bg2 Bg4 16.f3 Be6 17.b3 g6 18.f4 Nc6 19.Na3 Rd3 20.Rf3 Rad8 21.Rxd3 Rxd3
22.Bxc6 bxc6 23.Rc1 Kg7 24.Rc2 Bf5 25.Kf2 Rd1 26.Re2 Rc1 27.Re1 Rxc3 28.Re3 Rc1
29.Re1 Rc3 30.Re3 Rc1 31.Re1 Rxe1 32.Kxe1 Be6 33.Kd2 Kf6 34.Ke3 Kf5 35.Nc4 Bxc4
36.bxc4 Kg4 37.Kf2 Kh3 38.Kg1 f5 39.Kh1 h6 40.Kg1 h5 41.a3 a6  0-1

[Event "Calcutta"]
[Site "Calcutta"]
[Date "1988.??.??"]
[Round "?"]
[White "Mishra, Neeraj Kumar"]
[Black "Kaidanov, Grigory S"]
[Result "1/2-1/2"]
[WhiteElo "2335"]
[BlackElo "2515"]

1.d4 Nf6 2.Nf3 e6 3.g3 c5 4.Bg2 cxd4 5.Nxd4 Qc7 6.O-O a6 7.Nd2 d5 8.c3 e5
9.Nc2 Be7 10.e4 Bg4 11.Bf3 Bxf3 12.Qxf3 d4 13.Nb3 Nbd7 14.Bd2 a5 15.Rac1 a4
16.Nba1 dxc3 17.Bxc3 Qc4 18.Rfe1 Qxa2 19.Ne3 O-O 20.Nac2 Rfc8 21.Nf5 Bf8
22.g4 a3 23.Nxa3 g6 24.g5 Nh5 25.Nc2 Nf4 26.Nfe3 Nd3 27.Red1 Nxc1 28.Rxd7 Qe6
29.Ng4 Bg7 30.Rd5 Rd8 31.Nce3 Nd3 32.Qd1 Rxd5 33.Nxd5 Ra1 34.Qxa1 Qxg4+ 35.Kf1 Qf3
36.Ne7+ Kf8 37.Qa8+ Kxe7 38.Qxb7+ Kd6 39.Qb6+ Kd7 40.Qb7+ Ke8 41.Qc8+ Ke7
42.Qc7+ Ke6 43.Qc6+ Ke7 44.Qc7+  1/2-1/2

[Event "Calcutta"]
[Site "Calcutta"]
[Date "1988.??.??"]
[Round "?"]
[White "Murshed, Niaz"]
[Black "Kaidanov, Grigory S"]
[Result "1-0"]
[WhiteElo "2455"]
[BlackElo "2515"]

1.d4 Nf6 2.Nf3 d5 3.Bg5 Ne4 4.Bf4 c5 5.e3 Qb6 6.Qc1 cxd4 7.exd4 Nc6 8.c3 Bf5
9.Be2 Rc8 10.Nbd2 e6 11.O-O Be7 12.Nxe4 dxe4 13.Ne5 Nxd4 14.Bh5 Bg6 15.Qd1 Bxh5
16.Qxh5 g6 17.Qd1 f6 18.cxd4 fxe5 19.Bxe5 O-O 20.Qg4 Rc2 21.Qxe4 Rxb2 22.h3 Qa6
23.f4 Rc8 24.Rac1 Rxc1 25.Rxc1 Qxa2 26.Rc7 Rb1+ 27.Kh2 Qa1 28.d5 Rh1+ 29.Kg3 Qa3+
30.Rc3 Qa6 31.Bd4 Kf7 32.Qe5 b5 33.Qg7+ Ke8 34.Qg8+ Kd7 35.dxe6+ Kd6 36.Bc5+ Kd5
37.Bxe7 b4 38.Qd8+ Ke4 39.Rf3 Qe2 40.Qa8+ Kd4 41.Qd8+ Ke4 42.Qa8+ Kd4 43.Qh8+ Kc4
44.Qc8+ Kd4 45.Bf6+ Ke4 46.Qe8 Kd5 47.Qd7+ Kc4 48.Qd4+ Kb5  1-0

[Event "Lvov"]
[Site "Lvov"]
[Date "1988.??.??"]
[Round "?"]
[White "Kaidanov, Grigory S"]
[Black "Huzman, Alexander"]
[Result "1/2-1/2"]
[WhiteElo "2515"]
[BlackElo "2490"]

1.c4 c5 2.g3 Nc6 3.Bg2 g6 4.Nf3 Bg7 5.Nc3 e5 6.a3 Nge7 7.Rb1 O-O 8.O-O d6
9.b4 Rb8 10.Ne1 b6 11.d3 Bb7 12.Bd2 Nd4 13.e3 Ne6 14.Bxb7 Rxb7 15.f4 f5 16.Qf3 Rd7
17.Nd5  1/2-1/2

[Event "Lvov"]
[Site "Lvov"]
[Date "1988.??.??"]
[Round "?"]
[White "Kaidanov, Grigory S"]
[Black "Piket, Jeroen"]
[Result "1-0"]
[WhiteElo "2515"]
[BlackElo "2470"]

1.d4 d6 2.e4 Nf6 3.Nc3 g6 4.f4 Bg7 5.Nf3 O-O 6.Bd3 Na6 7.O-O c5 8.d5 Rb8
9.Qe2 Nb4 10.Bc4 e6 11.dxe6 Bxe6 12.Bxe6 fxe6 13.e5 dxe5 14.fxe5 Nfd5 15.Bg5 Qc7
16.Nb5 Qb6 17.c4 h6 18.cxd5 hxg5 19.Nd6 Nxd5 20.Nxg5 c4+ 21.Kh1 Qe3 22.Qg4  1-0

[Event "Moscow-A"]
[Site "Moscow"]
[Date "1988.??.??"]
[Round "?"]
[White "Kaidanov, Grigory S"]
[Black "Davies, Nigel R"]
[Result "1/2-1/2"]
[WhiteElo "2535"]
[BlackElo "2475"]

1.d4 d6 2.e4 g6 3.f4 Nf6 4.e5 dxe5 5.fxe5 Nd5 6.Nf3 Bg7 7.Be2 O-O 8.O-O Nb6
9.Nc3 Nc6 10.Ne4 f6 11.exf6 exf6 12.c3 Kh8 13.Nc5 Re8 14.Bd3 Nd5 15.Qa4 Nb8
16.Bd2 c6 17.Rae1 b6 18.Rxe8+ Qxe8 19.Re1 Qf7 20.Ne4 Bf8 21.c4 b5 22.cxb5 cxb5
23.Bxb5 Nd7 24.Bc6 N7b6 25.Qb3 Bb7 26.Bxb7 Qxb7 27.Nc5 Qc6 28.Qc2 a5 29.Rc1 a4
30.Qd3 Nd7 31.Nxd7 Qxd7 32.Qc4 Rb8 33.Rc2 g5 34.h3 Bd6 35.Qf1 Qf5 36.Rc6 Bf4
37.Qe1 Bxd2 38.Nxd2 Qd7 39.Qc1 Rxb2 40.Rc8+ Kg7 41.Qxb2 Qxc8 42.Ne4 Qe6 43.Nc5 Qe1+
44.Kh2 Ne3 45.Qb7+ Kh6 46.Qf7 Nf1+ 47.Kg1 Nd2+ 48.Kh2 Nf3+  1/2-1/2

[Event "Moscow-A"]
[Site "Moscow"]
[Date "1988.??.??"]
[Round "?"]
[White "Kaidanov, Grigory S"]
[Black "Drasko, Milan"]
[Result "1/2-1/2"]
[WhiteElo "2535"]
[BlackElo "2510"]

1.c4 e5 2.Nc3 Nc6 3.g3 g6 4.Bg2 Bg7 5.d3 f5 6.Rb1 a5 7.a3 Nf6 8.e3 O-O 9.Nge2 Kh8
10.b4 axb4 11.axb4 Ne7 12.Qb3 c6  1/2-1/2

[Event "Moscow-A"]
[Site "Moscow"]
[Date "1988.??.??"]
[Round "?"]
[White "Kaidanov, Grigory S"]
[Black "Levitt, Jonathan"]
[Result "1-0"]
[WhiteElo "2535"]
[BlackElo "2485"]

1.d4 Nf6 2.c4 e6 3.Nc3 Bb4 4.Qc2 O-O 5.a3 Bxc3+ 6.Qxc3 b6 7.Nf3 Bb7 8.e3 d6
9.Be2 Nbd7 10.O-O Ne4 11.Qc2 c5 12.Rd1 f5 13.b4 Qe7 14.Rb1 Rab8 15.Bd3 Ng5
16.Nd2 g6 17.dxc5 bxc5 18.f4 Nf7 19.e4 Nh6 20.Nf3 cxb4 21.axb4 a5 22.bxa5 Nc5
23.Ng5 Ng4 24.exf5 gxf5 25.Re1 Be4 26.Bxe4 Nxe4 27.Nxe4 Rxb1 28.Qxb1 Qh4
29.Bd2 Qxh2+ 30.Kf1 Qh1+ 31.Ke2 Qxg2+ 32.Kd3 fxe4+ 33.Kc3 e3 34.Bxe3 Nxe3
35.Rg1 Rxf4 36.Rxg2+ Nxg2 37.Qb8+ Kf7 38.Qb7+  1-0

[Event "Moscow-A"]
[Site "Moscow"]
[Date "1988.??.??"]
[Round "?"]
[White "Kharitonov, Andrei Y"]
[Black "Kaidanov, Grigory S"]
[Result "1/2-1/2"]
[WhiteElo "2550"]
[BlackElo "2535"]

1.c4 Nf6 2.Nf3 d5 3.g3 dxc4 4.Qa4+ Nbd7 5.Bg2 a6 6.Qxc4 b5 7.Qf4 Rb8 8.d4 e6
9.Nc3 Bb7 10.O-O Bd6 11.Qh4 O-O  1/2-1/2

[Event "Moscow-A"]
[Site "Moscow"]
[Date "1988.??.??"]
[Round "?"]
[White "Kaidanov, Grigory S"]
[Black "Conquest, Stuart"]
[Result "1-0"]
[WhiteElo "2535"]
[BlackElo "2490"]

1.c4 e5 2.Nc3 Nc6 3.g3 g6 4.Bg2 Bg7 5.d3 d6 6.Rb1 Be6 7.b4 Qd7 8.b5 Nd8 9.Nd5 c6
10.bxc6 bxc6 11.Nc3 Ne7 12.Nf3 Bh3 13.Bxh3 Qxh3 14.Ne4 Nc8 15.Rg1 Qd7 16.g4 h6
17.d4 exd4 18.Nxd4 Qe7 19.Qd3 Kf8 20.Rg3 a6 21.Re3 Qd7 22.h3 Qc7 23.Bb2 Rb8
24.Nb3 Ne6 25.Bxg7+ Nxg7 26.Rd1 Ne8 27.Rf3 Kg8 28.h4 Qe7 29.h5 Rb7 30.hxg6 fxg6
31.Nec5 dxc5 32.Qxg6+ Ng7 33.Nxc5 Rb2 34.Re3 Qf8 35.Nd7 Qb4+ 36.Kf1 Ne7 37.Nf6+ Kf8
38.Rd8+  1-0

[Event "Perenyi mem"]
[Site "Budapest"]
[Date "1989.??.??"]
[Round "?"]
[White "Karolyi, Tibor Jr"]
[Black "Kaidanov, Grigory S"]
[Result "1-0"]
[WhiteElo "2440"]
[BlackElo "2535"]

1.d4 d5 2.c4 e6 3.Nf3 Nf6 4.Nc3 c6 5.Bg5 dxc4 6.e4 b5 7.e5 h6 8.Bh4 g5 9.Nxg5 hxg5
10.Bxg5 Nbd7 11.exf6 Qa5 12.Be2 Bb7 13.O-O O-O-O 14.Qc1 c5 15.dxc5 Bxc5 16.Qf4 Ne5
17.Rfd1 Ng6 18.Qg4 Ne5 19.Qg3 b4 20.Rxd8+ Rxd8 21.Nd1 Nd3 22.Ne3 c3 23.bxc3 b3
24.Bf3 b2 25.Bxb7+ Kxb7 26.Qf3+ Kb8 27.Rb1 Bb6 28.Bf4+ e5 29.Bg3 Qxa2 30.Qd1 Nxf2
31.Qc2 Nd1  1-0

[Event "Lloyds Bank op"]
[Site "London"]
[Date "1990.??.??"]
[Round "?"]
[White "Kaidanov, Grigory S"]
[Black "Martin, Andrew D"]
[Result "1-0"]
[WhiteElo "2500"]
[BlackElo "2430"]

1.d4 Nf6 2.c4 c5 3.d5 Ne4 4.Qc2 Qa5+ 5.Nd2 Nd6 6.e4 g6 7.Nf3 Bg7 8.Bd3 O-O
9.O-O Na6 10.a3 b5 11.cxb5 Nxb5 12.Nc4 Qd8 13.Bg5 Qe8 14.Rfe1 Nac7 15.a4 Nd4
16.Nxd4 Bxd4 17.Bh6 Na6 18.Qd2 Nb4 19.Bf1 Rb8 20.Rac1 Qd8 21.d6 e6 22.Na3 a6
23.Nc4 Re8 24.Be3 Nc6 25.Bxd4 Nxd4 26.Rc3 Bb7 27.b4 cxb4 28.Rh3 e5 29.f4 Ne6
30.Nxe5 Bc6 31.Bc4 Rf8 32.f5 Qg5 33.Qf2 Bxa4 34.Nf3 Qf4 35.fxe6 fxe6 36.Qa2 Bc6
37.Qd2 a5 38.Qxf4 Rxf4 39.Ne5 Rc8 40.Rhe3 Rff8 41.Ra1 a4 42.Rb1 b3 43.Nxc6 Rxc6
44.Bb5 a3 45.Bxc6 a2 46.Rexb3 axb1=Q+ 47.Rxb1 dxc6 48.e5 Kg7 49.Rb7+ Kh6
50.Re7  1-0

[Event "New York Manhattan"]
[Site "New York"]
[Date "1990.??.??"]
[Round "3"]
[White "Fishbein, Alexander"]
[Black "Kaidanov, Grigory S"]
[Result "1/2-1/2"]
[WhiteElo "2470"]
[BlackElo "2500"]

1.e4 e6 2.d4 d5 3.e5 c5 4.c3 Nc6 5.Nf3 Nh6 6.Bd3 cxd4 7.cxd4 Nf5 8.Bxf5 exf5
9.Nc3 Be6 10.h4 h6 11.Be3 Qb6 12.Qb3 Qxb3 13.axb3 Be7 14.O-O Kd7 15.Rfc1 b6
16.Nb5 a6 17.Nd6 f6 18.h5 Bxd6 19.exd6 Kxd6 20.Rc3 Rhc8 21.Rac1 Kd7 22.Bf4 Ne7
23.Rc7+ Kd8 24.Bd6 Rxc7 25.Rxc7 Nc8 26.Bf4 Ra7 27.Rc3 Bf7 28.Nh4 Bxh5 29.Nxf5 Bg6
30.Ne3 Bf7 31.Nc2 Kd7 32.Nb4 Ne7 33.Bb8 Rb7 34.Bh2 a5 35.Nc2 Nc6 36.Rg3 g5
37.Rf3 Ke6 38.Rc3 Kd7 39.Rf3 Ke7 40.Rc3 Be8 41.Ne3 Ke6 42.Ng4 Nxd4 43.Re3+ Kf7
44.Nxf6 Bb5 45.Nxd5 Rd7 46.Nc3 Bc6 47.f3 Nxb3 48.Ne4 Rd1+ 49.Kf2 Nd4 50.Nd6+ Kf8
51.Be5 Nc2 52.Rc3 Nb4 53.Kg3 Rd5 54.Nc4 Kf7 55.Bc7 Bb5 56.Bxb6 Na2 57.Rc2 Nb4
58.Rc3 Na2 59.Rc2 Nb4  1/2-1/2

[Event "New York Manhattan"]
[Site "New York"]
[Date "1990.??.??"]
[Round "5"]
[White "Abramovic, Bosko"]
[Black "Kaidanov, Grigory S"]
[Result "1/2-1/2"]
[WhiteElo "2495"]
[BlackElo "2500"]

1.e4 e6 2.d4 d5 3.Nc3 Nf6 4.e5 Nfd7 5.f4 c5 6.Nf3 Nc6 7.Be3 cxd4 8.Nxd4 Bc5
9.Qd2 Nxd4 10.Bxd4 Bxd4 11.Qxd4 Qb6 12.O-O-O Qxd4 13.Rxd4 Ke7 14.Be2 Nb8
15.Re1 Nc6 16.Rd2 Bd7 17.Nb5 g5 18.g3 gxf4 19.gxf4 Rhg8 20.Nd6 f6 21.c4 fxe5
22.cxd5 exd5 23.fxe5 Be6 24.Bf3 Raf8 25.Bxd5 Bxd5 26.Rxd5 Rg2 27.Rd2 Rxd2
28.Kxd2 Rf2+ 29.Re2 Rxe2+ 30.Kxe2 b6 31.Ke3 Nxe5 32.Nc8+ Kd7 33.Nxa7 Ng4+
34.Kf4 Nxh2 35.Nb5 h5 36.Nc3 Kc6 37.Ne4 Ng4 38.b3 Kd5 39.a4  1/2-1/2

[Event "New York Manhattan"]
[Site "New York"]
[Date "1990.??.??"]
[Round "8"]
[White "Brooks, Michael A"]
[Black "Kaidanov, Grigory S"]
[Result "0-1"]
[WhiteElo "2460"]
[BlackElo "2500"]

1.e4 e5 2.Nf3 Nc6 3.Bb5 a6 4.Ba4 Nf6 5.O-O Be7 6.Re1 b5 7.Bb3 O-O 8.d4 Nxd4
9.Nxd4 exd4 10.e5 Ne8 11.Qxd4 c5 12.Qe4 Nc7 13.c4 bxc4 14.Bc2 g6 15.Bh6 Re8
16.Nc3 Rb8 17.Qxc4 Rb4 18.Qd3 Rh4 19.Be3 d5 20.exd6 Bxd6 21.h3 Bxh3 22.gxh3 Rxh3
23.Qf1 Rh2 24.Qc4 Rxe3 25.Rxe3 Qg5+ 26.Rg3 Bxg3 27.Ne4 Qh4 28.fxg3 Rh1+ 29.Kf2 Qh2+
30.Kf3 Rxa1 31.Nf2 Ne6 32.Bb3 Nd4+ 33.Ke3 Qxg3+ 34.Ke4 Re1+ 35.Qe2 Rxe2+
36.Kd5 Qe5+ 37.Kc4 Nc6 38.Bd1 Na5+  0-1

[Event "Gausdal Int"]
[Site "Gausdal"]
[Date "1991.??.??"]
[Round "1"]
[White "Kaidanov, Grigory S"]
[Black "Ilinsky, Vladimir"]
[Result "1-0"]
[WhiteElo "2555"]
[BlackElo "2350"]

1.c4 c5 2.Nf3 Nc6 3.g3 g6 4.Bg2 Bg7 5.Nc3 e5 6.a3 a5 7.O-O d6 8.d3 Nge7 9.Ne1 Be6
10.Nc2 d5 11.cxd5 Nxd5 12.Ne3 Nde7 13.Nc4 O-O 14.Bg5 f6 15.Be3 b6 16.Qa4 Qc7
17.Nb5 Qd8 18.Nc3 Qc7 19.Rfc1 Rab8 20.Rab1 Rfc8 21.Nb5 Qd7 22.Ncd6 Rf8 23.b4 axb4
24.axb4 Ra8 25.Qd1 cxb4 26.Bxb6 Ra6 27.Bc5 Rb8 28.d4 exd4 29.Nxd4 Nxd4 30.Qxd4 b3
31.Qd3 Ra2 32.Nc4 Qxd3 33.exd3 Nd5 34.Bd6 Rb5 35.Re1 Nc3 36.Rxe6 Nxb1 37.Bc6 Nc3
38.Re8+ Kf7 39.Bb4 Ne2+ 40.Kg2 g5 41.Bxb5 Nd4 42.Re7+ Kg6 43.Be8+ Kh6 44.Ne3 f5
45.Re6+  1-0

[Event "Peer Gynt"]
[Site "Gausdal"]
[Date "1991.??.??"]
[Round "1"]
[White "Kaidanov, Grigory S"]
[Black "Egeli, Per Ove"]
[Result "1-0"]
[WhiteElo "2555"]
[BlackElo "2220"]

1.c4 c5 2.Nf3 Nc6 3.g3 g6 4.Bg2 Bg7 5.Nc3 e5 6.a3 a5 7.O-O Nge7 8.Ne1 d6
9.Nc2 Rb8 10.Ne3 O-O 11.d3 Bd7 12.Bd2 Nd4 13.Re1 b5 14.cxb5 Nxb5 15.Nc4 Qc7
16.Nxb5 Rxb5 17.a4 Rb4 18.Bxb4 cxb4 19.Rc1 d5 20.Nd2 Qb6 21.e4 d4 22.Nc4 Qc7
23.Ne3 Qd6 24.Nd5 Be6 25.Nxe7+ Qxe7 26.Rc6 Bd7 27.Rc7 Qd8 28.Rc4 Be6 29.Rc5 Qb6
30.Rb5 Qa7 31.Qd2 Bd7 32.Rd5 Bc6 33.Rc1 Bxd5 34.exd5 Qd7 35.Rc6 Rc8 36.Qc2 Rxc6
37.Qxc6 Qd8 38.d6 Bf8 39.d7 Kg7 40.Bd5 Be7 41.Bc4 f5 42.Qd5 Bf6 43.f3 h5
44.Kg2 Kh6 45.Qf7 Qe7 46.Qe8 h4 47.Bf7 Qd8 48.Bxg6 f4 49.Bh5 Kg7 50.Qf7+ Kh8
51.Bg6  1-0

[Event "Gausdal Int"]
[Site "Gausdal"]
[Date "1991.??.??"]
[Round "2"]
[White "Conquest, Stuart"]
[Black "Kaidanov, Grigory S"]
[Result "0-1"]
[WhiteElo "2465"]
[BlackElo "2555"]

1.d4 d5 2.c4 e6 3.Nf3 Nf6 4.e3 c5 5.Nc3 dxc4 6.Bxc4 a6 7.a4 Nc6 8.O-O Be7
9.Qe2 cxd4 10.exd4 Nxd4 11.Nxd4 Qxd4 12.Rd1 Qh4 13.Rd3 Bd7 14.Rg3 Rc8 15.Bd3 Kf8
16.Ne4 Nd5 17.Rg4 Rxc1+ 18.Rxc1 Qh6 19.Nd2 Bb4 20.Rc2 Ke7 21.Nf3 Bd6 22.g3 Qf6
23.h4 Nb4 24.Rd2 Bxa4 25.Ng5 Rc8 26.Bxh7 Rc1+ 27.Kh2 Bb5 28.Qe3 Bc5 29.Rgd4 Nd5
30.Qe4 Bxd4 31.Qxd4 Qxd4 32.Rxd4 g6 33.h5 gxh5 34.Be4 Bc6 35.Rd2 f6 36.Nf3 f5
37.Bd3 Nf6  0-1

[Event "Peer Gynt"]
[Site "Gausdal"]
[Date "1991.??.??"]
[Round "5"]
[White "Kaidanov, Grigory S"]
[Black "Stefansson, Hannes"]
[Result "1-0"]
[WhiteElo "2555"]
[BlackElo "2470"]

1.d4 Nf6 2.c4 e6 3.g3 Bb4+ 4.Nd2 O-O 5.Bg2 d5 6.Nf3 dxc4 7.Qc2 Nc6 8.Qxc4 Qd5
9.O-O Bxd2 10.Qxd5 exd5 11.Bxd2 Re8 12.e3 Ne7 13.b4 Nf5 14.b5 Bd7 15.Rfc1 Rec8
16.a4 Ne4 17.Bb4 a5 18.bxa6 Rxa6 19.a5 Rf6 20.g4 Nfd6 21.Ne5  1-0

[Event "Gausdal Int"]
[Site "Gausdal"]
[Date "1991.??.??"]
[Round "7"]
[White "Kaidanov, Grigory S"]
[Black "Serper, Grigory"]
[Result "1-0"]
[WhiteElo "2555"]
[BlackElo "2490"]

1.d4 Nf6 2.c4 e6 3.g3 d5 4.Bg2 dxc4 5.Nf3 Nc6 6.O-O Rb8 7.Nc3 b5 8.Ne5 Nxe5
9.dxe5 Nd7 10.Bc6 a6 11.Qd4 Rb6 12.Qe4 Bc5 13.Bxd7+ Bxd7 14.Qg4 Kf8 15.Rd1 h5
16.Qf4 h4 17.Ne4 Be7 18.Be3 hxg3 19.fxg3 Rc6 20.Rf1 Be8 21.Rad1 Qc8 22.Qf3 Kg8
23.Bg5 Kf8 24.Bxe7+  1-0

[Event "Gausdal Int"]
[Site "Gausdal"]
[Date "1991.??.??"]
[Round "8"]
[White "Yakovich, Yuri"]
[Black "Kaidanov, Grigory S"]
[Result "1/2-1/2"]
[WhiteElo "2560"]
[BlackElo "2555"]

1.e4 e6 2.d4 d5 3.Nd2 c5 4.Ngf3 Nf6 5.exd5 exd5 6.Be2 Nc6 7.O-O cxd4 8.Nb3 Be7
9.Nfxd4 O-O 10.Bf4 Ne4 11.c3 Bf6 12.Bf3 Ne5 13.Re1 Nxf3+ 14.Qxf3 Qb6 15.Be3 Bxd4
16.Bxd4 Qg6 17.Re3 a5 18.Rae1 Bd7 19.Nc1 Rfe8 20.Nd3 Ng5 21.Qd1 Rxe3 22.Rxe3 Re8
23.Ne5 Rxe5 24.Bxe5 Nh3+ 25.Kf1 Bb5+ 26.c4 Bxc4+ 27.Ke1 Qxg2 28.Bg3 Qf1+
29.Kd2 Qxd1+ 30.Kxd1 Bb5 31.Re7 Bc6 32.Ke2 Ng5 33.Rc7 f6 34.Ke3 d4+ 35.Kd2 h5
36.h4 Ne6 37.Re7 Nc5 38.b3 Kh7 39.Rc7  1/2-1/2

[Event "Gausdal Int"]
[Site "Gausdal"]
[Date "1991.??.??"]
[Round "9"]
[White "Kaidanov, Grigory S"]
[Black "Ernst, Thomas"]
[Result "1-0"]
[WhiteElo "2555"]
[BlackElo "2525"]

1.c4 c5 2.Nf3 Nc6 3.g3 e5 4.Nc3 g6 5.Bg2 Bg7 6.a3 a5 7.O-O d6 8.d3 Nge7 9.Ne1 Be6
10.Nc2 d5 11.cxd5 Nxd5 12.Ne3 Nde7 13.Nc4 Rb8 14.Bg5 f6 15.Be3 b6 16.Qa4 Qd7
17.b4 axb4 18.axb4 Bxc4 19.dxc4 Nxb4 20.Qxd7+ Kxd7 21.Ra7+ Ke8 22.Rd1 Bf8
23.Ne4 Kf7 24.Rd6 Bg7 25.Rdd7 Nc6 26.Ng5+ Ke8 27.Bxc6 Nxc6 28.Rxg7 Nxa7 29.Ne4 Nc6
30.Nd6+ Kf8 31.Bh6  1-0

[Event "Torcy op"]
[Site "Torcy"]
[Date "1991.??.??"]
[Round "?"]
[White "Georgiev, Krum"]
[Black "Kaidanov, Grigory S"]
[Result "1/2-1/2"]
[WhiteElo "2480"]
[BlackElo "2540"]

1.e4 e5 2.Nf3 Nc6 3.Bb5 a6 4.Ba4 Nf6 5.O-O Be7 6.Re1 b5 7.Bb3 O-O 8.c3 d5
9.exd5 Nxd5 10.a4 Bb7 11.axb5 axb5 12.Rxa8 Bxa8 13.d3 b4 14.Nxe5 Nxe5 15.Rxe5 Bf6
16.Re4 bxc3 17.bxc3 Nxc3 18.Nxc3 Bxc3 19.Rf4 Be5 20.Ra4 Bc6 21.Rg4 Qd6 22.d4 Bf6
23.Bf4 Qe7 24.h3 Rd8 25.d5 Bxd5 26.Bxd5 c6 27.Bxf7+ Qxf7 28.Qc2 Qd5 29.Be3 Rb8
30.Rc4 Rb2 31.Qe4 Be5 32.Qxd5+ cxd5 33.Rc5 Rb1+ 34.Rc1 Rb5 35.Kf1 d4 36.Bd2 d3
37.Be3 Rb2 38.g4 Kf7 39.Rd1 Rb3 40.f4 Bd6 41.f5 Kf6 42.Kf2 Ke5 43.Kf3 Bb4
44.Bf4+ Kd4 45.Be3+ Ke5 46.Bf4+ Kd5 47.g5 d2+ 48.Ke2 Ke4 49.Bxd2 Bxd2 50.Rxd2 Kxf5
51.Rd7  1/2-1/2

[Event "Torcy op"]
[Site "Torcy"]
[Date "1991.??.??"]
[Round "?"]
[White "Kaidanov, Grigory S"]
[Black "Velikov, Petar"]
[Result "1-0"]
[WhiteElo "2540"]
[BlackElo "2425"]

1.c4 Nf6 2.d4 c6 3.Nc3 d5 4.cxd5 cxd5 5.Bf4 Nc6 6.e3 e6 7.Bd3 Bd6 8.Bxd6 Qxd6
9.f4 O-O 10.Nf3 b6 11.O-O Nb4 12.Bb1 Ba6 13.Rf2 Bb7 14.Ne5 Nc6 15.Rf3 Ne7
16.Rh3 Ne4 17.Bxe4 dxe4 18.Qh5 h6 19.Ng4 Nf5 20.Nf6+ Kh8 21.Nfxe4 Bxe4 22.Nxe4 Qc6
23.Nc3 b5 24.Qf3 Rfc8 25.Ne4 Qd5 26.g4 Nxd4 27.exd4 Qxd4+ 28.Nf2 Qxb2 29.Rd1 Rd8
30.g5 Rac8 31.Rxd8+ Rxd8 32.gxh6 g6 33.Qe4 Rd2 34.Qe5+ Kh7 35.Qxb2 Rxb2 36.Ne4  1-0

[Event "USA-op"]
[Site "Dearborn"]
[Date "1992.??.??"]
[Round "12"]
[White "Kaidanov, Grigory S"]
[Black "Lein, Anatoly"]
[Result "1/2-1/2"]
[WhiteElo "2555"]
[BlackElo "2455"]

1.d4 Nf6 2.c4 e6 3.g3 d5 4.Bg2 Bb4+ 5.Nd2 O-O 6.Nf3 b6 7.O-O Bb7 8.cxd5 exd5
9.Ne5 Nbd7 10.a3 Be7 11.b4 Bd6 12.Bb2 Re8 13.Ndf3 c5 14.Nxd7 Nxd7 15.dxc5 bxc5
16.Nh4 Bf8 17.Bxd5 Bxd5 18.Qxd5 cxb4 19.axb4 Nb6 20.Qxd8 Rexd8 21.Nf3 Bxb4
22.Bd4 Rd6 23.Ra6 Nc8 24.Rfa1 Rxa6 25.Rxa6 f6 26.e4 Nd6 27.e5 fxe5 28.Nxe5 Nf5
29.Rxa7 Rxa7 30.Bxa7 Bc3 31.Nd3 Bd4 32.Bxd4 Nxd4 33.Ne5 Kf8 34.f4 Ke7 35.Kf2 h5
36.Ke3 Nf5+ 37.Ke4 Ke6 38.Nc4 g6 39.Ne3 Nd6+ 40.Kd4 Nb5+ 41.Kd3 Nd6 42.Kd4 Nb5+
43.Ke4 Nd6+ 44.Kd3 Nf7 45.Ke4 Nd6+ 46.Kf3 Kf6 47.Nd5+ Ke6 48.Nc3 Kf5 49.h3 Ke6
50.Ne2 Kf7 51.Ke3 Ke6 52.Nd4+ Kf7 53.g4 hxg4 54.hxg4 Kf6 55.Nf3 Nf7 56.g5+ Kg7
57.Kd4 Nd6 58.Ke5 Nf5 59.Nd4 Ng3 60.Kd6 Kf7 61.Kd7 Nh5 62.Ne6 Ng3 63.Nc5 Nh5
64.Nd3 Kf8 65.Nc5 Kf7 66.Ne6 Ng3 67.Nd8+ Kf8 68.Kd6 Nh5 69.Kd7 Ng3 70.Nc6 Ne2  1/2-1/2

[Event "New York op"]
[Site "New York"]
[Date "1992.??.??"]
[Round "3"]
[White "Kaidanov, Grigory S"]
[Black "Zlotnikov, Mikhail"]
[Result "1-0"]
[WhiteElo "2550"]
[BlackElo "2355"]

1.d4 Nf6 2.c4 g6 3.Nc3 Bg7 4.e4 d6 5.Be2 O-O 6.Bg5 Nc6 7.d5 Nb8 8.Nf3 c6
9.O-O Bg4 10.Nd2 Bxe2 11.Qxe2 cxd5 12.cxd5 Nfd7 13.Rac1 Na6 14.Kh1 Rc8 15.Nc4 h6
16.Be3 Ndc5 17.Nb5 Ra8 18.Bd4 Qd7 19.Bxg7 Kxg7 20.Nd4 Rac8 21.f4 e6 22.b4 Na4
23.dxe6 fxe6 24.Qg4  1-0

[Event "New York op"]
[Site "New York"]
[Date "1992.??.??"]
[Round "6"]
[White "Kaidanov, Grigory S"]
[Black "Lobron, Eric"]
[Result "0-1"]
[WhiteElo "2550"]
[BlackElo "2575"]

1.d4 Nf6 2.c4 e6 3.g3 Bb4+ 4.Nd2 c5 5.dxc5 Bxc5 6.Bg2 d5 7.Ngf3 Nc6 8.O-O O-O
9.a3 a5 10.Qc2 Ba7 11.e4 h6 12.b3 d4 13.Ne1 Ng4 14.Ndf3 Nge5 15.Nxe5 Nxe5
16.Bf4 Ng6 17.Bd2 e5 18.Nd3 f5 19.exf5 Bxf5 20.Rfe1 b6 21.Be4 Qf6 22.Re2 Rac8
23.Rae1 Bb8 24.Bxf5 Qxf5 25.Re4 Rf7 26.Bc1 h5 27.h4 Rcf8 28.Qe2 Qh3 29.Qf1 Qc8
30.a4 Bd6 31.Qe2 Rf3 32.Rf1 Qh3 33.Bg5 R8f5 34.Ne1 Rc3 35.Bd2 Bc5 36.Bxc3 dxc3
37.Qd3 Rf6 38.Qxc3 Qxf1+ 39.Kxf1 Rxf2+ 40.Kg1 Rf3+ 41.Qd4 Bxd4+ 42.Rxd4 Rxg3+
43.Kf2 Rxb3 44.Rd8+ Kf7 45.Nf3 e4 46.Ng5+ Ke7 47.Rd4 e3+ 48.Ke2 Kf6 49.Nh3 Ne5
50.Nf4 g6 51.Nd5+ Ke6 52.Re4 Kd6 53.Nxe3 Rb2+ 54.Kd1 Rh2 55.Rd4+ Kc6 56.Re4 Nd3
57.Re6+ Kc5 58.Rxg6 Nb2+ 59.Ke1 Nxa4 60.Rg5+ Kd4 61.Nf5+ Kxc4 62.Nd6+ Kd3
63.Rd5+ Kc2 64.Rxh5 Nc3 65.Nc4 a4 66.Kf1 Kb3 67.Kg1 Re2 68.Nxb6 a3 69.Ra5 a2
70.h5 Re5 71.Rxe5 a1=Q+ 72.Kg2 Qa7 73.Re6 Qf7 74.Rg6 Ne4  0-1

[Event "Reno op"]
[Site "Reno"]
[Date "1992.??.??"]
[Round "3"]
[White "Kaidanov, Grigory S"]
[Black "Gurevich, Ilya"]
[Result "1-0"]
[WhiteElo "2555"]
[BlackElo "2510"]

1.Nf3 Nf6 2.g3 g6 3.Bg2 Bg7 4.O-O d5 5.d3 O-O 6.Nbd2 c5 7.e4 Nc6 8.Re1 e6
9.c3 b6 10.exd5 Nxd5 11.Nc4 Qc7 12.a4 Ba6 13.Na3 Rad8 14.Nb5 Qd7 15.d4 cxd4
16.cxd4 h6 17.Bd2 Nde7 18.Qc1 Nf5 19.d5 exd5 20.Bh3 Bb7 21.Nh4 Nce7 22.Bb4 Rc8
23.Qb1 Qd8 24.Nxf5 Nxf5 25.Bxf5 gxf5 26.Nd6 Qf6 27.Nxb7 Rfe8 28.Nd6 Rxe1+
29.Qxe1 Rc2 30.Ne8 Qxb2 31.Nxg7 Kxg7 32.Rb1 Qd4 33.Rd1 Qe4 34.Qxe4 dxe4 35.a5 Rc4
36.Bd2 b5 37.Be3 a6 38.Rd6  1-0

[Event "Groningen PCA"]
[Site "Groningen"]
[Date "1993.??.??"]
[Round "6"]
[White "Kaidanov, Grigory S"]
[Black "Sokolov, Ivan"]
[Result "1/2-1/2"]
[WhiteElo "2640"]
[BlackElo "2610"]

1.e4 e5 2.Nf3 Nc6 3.Bb5 a6 4.Bxc6 dxc6 5.O-O f6 6.d4 Bg4 7.dxe5 Qxd1 8.Rxd1 fxe5
9.Rd3 Bd6 10.Nbd2 Nf6 11.b3 O-O-O 12.Bb2 Rhe8 13.Nc4 Nxe4 14.Nfxe5 Be6 15.Rad1 Bc5
16.Rxd8+ Rxd8 17.Rxd8+ Kxd8 18.Ne3 g6 19.Nd1 a5 20.Kf1 Ke7 21.Ke2 a4 22.f3 Nf6
23.Nf2 axb3 24.axb3 Bxf2 25.Kxf2 Bf5 26.Nd3 Nd5 27.Ne1 h5 28.Ba3+ Kf7 29.c4 Nf4
30.Ke3 Ne6 31.g3 c5 32.Bb2 Bb1 33.Nd3 Bc2 34.Nc1 Bb1 35.Nd3 Bc2 36.Nc1 Bb1
37.h4 g5 38.hxg5 Nxg5 39.Be5  1/2-1/2

[Event "Las Vegas op"]
[Site "Las Vegas"]
[Date "1993.??.??"]
[Round "4"]
[White "McCambridge, Vincent"]
[Black "Kaidanov, Grigory S"]
[Result "0-1"]
[WhiteElo "2475"]
[BlackElo "2620"]

1.d4 d5 2.c4 e6 3.Nf3 Nf6 4.Nc3 c6 5.Bg5 dxc4 6.a4 Bb4 7.e4 Bxc3+ 8.bxc3 Qa5
9.e5 Ne4 10.Bd2 c5 11.Bxc4 Nc6 12.d5 Nxd2 13.Qxd2 exd5 14.Bxd5 O-O 15.O-O Bf5
16.Qf4 Bg6 17.c4 Qc7 18.Rad1 Rae8 19.Rfe1 Re7 20.h4 Rfe8 21.Rd2 b6 22.g4 h5
23.Rde2 Bd3 24.Re3 hxg4 25.Qxg4 Bc2 26.h5 Kh8 27.e6 fxe6 28.Rxe6 Nd8 29.Rxe7 Rxe7
30.Rxe7 Qxe7 31.Nh4 Kh7 32.Kg2 Kh6 33.f4 Qf6 34.Kg3 Nf7 35.Be6 Nd6 36.Nf3 Nf5+
37.Bxf5 Bxf5  0-1

[Event "Wch Team"]
[Site "Luzern"]
[Date "1993.??.??"]
[Round "5"]
[White "Lputian, Smbat G"]
[Black "Kaidanov, Grigory S"]
[Result "1-0"]
[WhiteElo "2565"]
[BlackElo "2640"]

1.d4 d5 2.c4 e6 3.Nc3 c6 4.Nf3 Nf6 5.Bg5 dxc4 6.a4 Bb4 7.e4 Bxc3+ 8.bxc3 Qa5
9.e5 Ne4 10.Bd2 c5 11.Bxc4 cxd4 12.cxd4 Nxd2 13.Nxd2 Nc6 14.Bb5 O-O 15.Bxc6 bxc6
16.O-O Qd5 17.Qc2 Ba6 18.Rfd1 Be2 19.Re1 Bh5 20.Qc3 Rfd8 21.Nb3 Rab8 22.Na5 Rb6
23.Rec1 Qxd4 24.Qxd4 Rxd4 25.Nxc6 Rd2 26.Nxa7 g5 27.Nb5 Rd5 28.Nd6 Be2 29.Rc7 Kg7
30.Rxf7+ Kg6 31.Rf6+ Kg7 32.Nf5+  1-0

[Event "New York op"]
[Site "New York"]
[Date "1993.??.??"]
[Round "1"]
[White "Kotliar, Mark"]
[Black "Kaidanov, Grigory S"]
[Result "1/2-1/2"]
[WhiteElo "2315"]
[BlackElo "2620"]

1.e4 c5 2.c3 e6 3.d4 d5 4.exd5 exd5 5.Be3 c4 6.b3 cxb3 7.axb3 Bd6 8.Bd3 Ne7
9.Qc2 h6 10.Ne2 O-O 11.O-O Nbc6 12.Ng3 Be6 13.Nd2 Rc8 14.Qb1 a5 15.Nf3 f5
16.Re1 Qd7 17.Bc1 f4 18.Nf1 Bf5 19.Ba3 Bxa3 20.Rxa3 b5 21.Ra2 b4 22.Bxf5 Nxf5
23.cxb4 axb4 24.Qd3 Qb7 25.Rc2 Nce7 26.Rec1 Rxc2 27.Rxc2 Rc8 28.Rc5 Rxc5
29.dxc5 Qc7 30.Nd4 Nxd4 31.Qxd4 Qa5 32.h3 g5 33.Nd2 Qa3 34.Kh2 Kf7 35.h4 Qc1
36.Qxb4 Nf5 37.Qb7+ Ne7 38.Qb4 Ng6 39.Qb7+ Ne7 40.Nf3 Qxc5 41.hxg5 hxg5 42.Nxg5+ Kf6
43.Nh3 Qd6 44.Qa8 Ng6 45.Qa1+ Qe5  1/2-1/2